Эффективность резания горных пород электроразрядным способом перемещающейся электродной системой; Известия Томского политехнического университета [Известия ТПУ]; Т. 307, № 6

Bibliographic Details
Parent link:Известия Томского политехнического университета [Известия ТПУ]/ Томский политехнический университет (ТПУ).— , 2000-
Т. 307, № 6.— 2004.— [С. 72-75]
Main Author: Важов В. Ф. Владислав Фёдорович
Other Authors: Журков М. Ю. Михаил Юрьевич, Муратов В. М. Василий Михайлович
Summary:Заглавие с титульного листа
Электронная версия печатной публикации
Рассматривается электроразрядный способ резания горных пород перемещающейся электродной системой. Получены зависимости ширины щели разреза как от энергии в разряде, так и от скорости перемещения электродной системы. Показана возможность снижения энергии, запасаемой накопителем энергии в 10…16 раз. Проведено сравнение полученных результатов с литературными данными.
Language:Russian
Published: 2004
Series:Технические науки
Subjects:
Online Access:http://www.lib.tpu.ru/fulltext/v/Bulletin_TPU/2004/v307/i6/15.pdf
Format: Electronic Book Chapter
KOHA link:https://koha.lib.tpu.ru/cgi-bin/koha/opac-detail.pl?biblionumber=169893

MARC

LEADER 00000nla2a2200000 4500
001 169893
005 20240122173256.0
035 |a (RuTPU)RU\TPU\book\184259 
035 |a RU\TPU\book\184254 
090 |a 169893 
100 |a 20091118d2004 k y0rusy50 ca 
101 0 |a rus 
102 |a RU 
135 |a drnn ---uucaa 
181 0 |a i  
182 0 |a b 
200 1 |a Эффективность резания горных пород электроразрядным способом перемещающейся электродной системой  |f В. Ф. Важов, М. Ю. Журков, В. М. Муратов 
203 |a Текст  |c электронный 
215 |a 1 файл (5 Мб) 
225 1 |a Технические науки 
300 |a Заглавие с титульного листа 
300 |a Электронная версия печатной публикации 
320 |a [Библиогр.: с. 75 (4 назв.)] 
330 |a Рассматривается электроразрядный способ резания горных пород перемещающейся электродной системой. Получены зависимости ширины щели разреза как от энергии в разряде, так и от скорости перемещения электродной системы. Показана возможность снижения энергии, запасаемой накопителем энергии в 10…16 раз. Проведено сравнение полученных результатов с литературными данными. 
337 |a Adobe Reader 
461 1 |0 (RuTPU)RU\TPU\book\176237  |t Известия Томского политехнического университета [Известия ТПУ]  |f Томский политехнический университет (ТПУ)  |d 2000- 
463 1 |0 (RuTPU)RU\TPU\book\184225  |t Т. 307, № 6  |v [С. 72-75]  |d 2004  |p 191  
610 1 |a резание 
610 1 |a горные породы 
610 1 |a электроразрядный способ 
610 1 |a электродная система 
610 1 |a зависимости 
610 1 |a ширина 
610 1 |a щели 
610 1 |a разрезы 
610 1 |a энергия 
610 1 |a разряды 
610 1 |a скорость 
610 1 |a перемещения 
610 1 |a накопители 
610 1 |a результаты 
610 1 |a литературные данные 
610 1 |a труды учёных ТПУ 
610 1 |a электронный ресурс 
700 1 |a Важов  |b В. Ф.  |c специалист в области энергетики  |c доцент Томского политехнического университета, кандидат технических наук  |f 1939-  |g Владислав Фёдорович  |3 (RuTPU)RU\TPU\pers\26506 
701 1 |a Журков  |b М. Ю.  |c электрофизик  |c научный сотрудник Томского политехнического университета  |f 1978-  |g Михаил Юрьевич  |3 (RuTPU)RU\TPU\pers\27968  |9 12958 
701 1 |a Муратов  |b В. М.  |c физик  |c заведующий лабораторией Томского политехнического университета, кандидат технических наук  |f 1945-  |g Василий Михайлович  |3 (RuTPU)RU\TPU\pers\26507 
801 1 |a RU  |b 63413507  |c 20090623  |g PSBO 
801 2 |a RU  |b 63413507  |c 20210728  |g PSBO 
856 4 |u http://www.lib.tpu.ru/fulltext/v/Bulletin_TPU/2004/v307/i6/15.pdf 
942 |c CF